| 000 | 00787 a2200229 4500 | ||
|---|---|---|---|
| 003 | Nust | ||
| 005 | 20230120115533.0 | ||
| 020 | _a9788131762165 | ||
| 040 | _cNust | ||
| 082 | _a005.1,SOM | ||
| 100 | 1 | _aSommerville, Ian, | |
| 245 | 0 | 0 |
_aSoftware engineering / _cIan Sommerville |
| 250 | _a9th. ed. | ||
| 260 |
_aWokingham : _bAddison-Wesley, _c2012 |
||
| 300 |
_axiii, 773 s. : _bill. |
||
| 440 | 0 |
_aInternational computer science series, _994511 |
|
| 505 | _aPart.1 Introduction to software engineering (Page-1), Part.2 Dependability and security (Page-261), Part.3 Advanced software engineering (Page-423), Part.4 Software management (Page-591). | ||
| 650 | 7 |
_aComputer programs _9107227 |
|
| 650 | 7 |
_acomputer systems _967620 |
|
| 650 | 7 |
_aSoftware _994006 |
|
| 942 |
_2ddc _cBK |
||
| 999 |
_c189283 _d189283 |
||